كيف تصلح عيوب جسمك ؟ / (Record no. 14110)
[ view plain ]
| 000 -الفاتح | |
|---|---|
| حقل البيانات ثابتة الطول | 00874nam a22001937a 4500 |
| 008 - عناصر البيانات ثابتة الطول - معلومات عامة | |
| حقل البيانات ثابتة الطول | 100617s1992 ua|||||r|||| 000 0 ara d |
| 082 ## - رقم تصنيف ديوى العشرى | |
| رقم الطبعة | 22 |
| رقم التصنيف | 617.1027 |
| رقم المادة | ري ا |
| 100 ## - المدخل الرئيسى - إسم شخصى | |
| 9 (RLIN) | 14860 |
| الإسم الشخصى | رياض، أسامة |
| 245 ## - بيان العنوان | |
| العنوان | كيف تصلح عيوب جسمك ؟ / |
| بقية العنوان | |
| بيان المسئوليه,etc | أسامة رياض |
| 260 ## - PUBLICATION, DISTRIBUTION, ETC. (IMPRINT) | |
| مكان الناشر او الموزع | القاهرة: |
| اسم الناشر او الموزع | مؤسسة أخبار اليوم ، 1992 |
| تاريخ النشر أو التوزيع | 1992 |
| 300 ## - الوصف المادى | |
| التعداد | 133 ص : |
| تفاصيل ماديه اخرى للوعاء | صور؛ |
| أبعاد الوعاء | 19 سم |
| 490 ## - بيان السلسلة | |
| -- | 14838 |
| عنوان السلسلة | ؛كتاب اليوم الطبي |
| رقم المجلد/ التعيين التسلسلي | 135 |
| 541 ## - تبصرة المصدر المباشر للتزويد | |
| مصدر التزويد | ؛علاء عبد الغني |
| طريقة التزويد | إهداء ؛ |
| 650 ## - المدخل الاضافى بالموضوع-مصطلح موضوعى | |
| 9 (RLIN) | 14861 |
| مصطلح موضوعي أو اسم جغرافي كعنصر مدخل | التمرينات الرياضية |
| 650 ## - المدخل الاضافى بالموضوع-مصطلح موضوعى | |
| 9 (RLIN) | 21743 |
| مصطلح موضوعي أو اسم جغرافي كعنصر مدخل | الطب الرياضي |
| 650 ## - المدخل الاضافى بالموضوع-مصطلح موضوعى | |
| 9 (RLIN) | 17153 |
| مصطلح موضوعي أو اسم جغرافي كعنصر مدخل | الصحة العامة |
| 942 ## - عناصر المدخل الإضافي( كوها) | |
| مصدر التصنيف او مخطط الترفيف | Dewey Decimal Classification |
| Koha [default] item type | Book - Borrowing |
| حالة التراجع | حالة الفقد | مصدر التصنيف او خطة الترفيف | حالة تلف | ليس للاعارة | مجموعات كوها | المكان الدائم | المكان الحالي | موقع الترفيف | تاريخ الاكتساب | Source of acquisition | رقم الاستدعاء | الباركود | Date last seen | مُعار | نوع الوعاء |
|---|---|---|---|---|---|---|---|---|---|---|---|---|---|---|---|
| Dewey Decimal Classification | Central Library | Central Library | First floor | 17/06/2010 | Donation | 617.1027 ر ي ا | 000020410 | 15/07/2025 | 18/12/2017 | Book - Borrowing |